[Event "Challenge"]
[Site "http://www.queenalice.com/game.php?id=1832973"]
[Date "2024.3.8"]
[Round "-"]
[White "Richardlim"]
[Black "jogo"]
[Result "1-0"]
[WhiteElo "2140"]
[BlackElo "1860"]

1. c4 e5 2. Nc3 d6 3. Nf3 c5 4. g3 Be6 5. d3 h6 6. Bg2 Nf6 7. O-O Nc6 8. a3 Be7
9. Bd2 O-O 10. e4 Rc8 11. b4 cxb4 12. Ne2 1-0

[Event "8 março"]
[Site "http://www.queenalice.com/game.php?id=1833047"]
[Date "2024.3.9"]
[Round "-"]
[White "wj64"]
[Black "Richardlim"]
[Result "0-1"]
[WhiteElo "1648"]
[BlackElo "2131"]

1. c4 Nf6 2. Nc3 g6 3. e4 d6 4. h3 Bg7 5. d4 O-O 6. Bg5 c5 7. d5 Qb6 8. Qd2 Re8
9. Nge2 e6 10. Bxf6 Bxf6 11. Na4 Qc7 12. Nf4 exd5 13. Nxd5 Qd8 14. Qf4 Bxb2 15.
Nxb2 Qa5+ 16. Kd1 Nd7 17. Bd3 Qa3 18. Qd2 Rb8 19. g4 Kg7 20. f3 Ne5 21. Rf1 Bd7
22. Ke2 Bc6 23. Nc7 Re7 24. Nd5 Re6 25. Nf4 Ree8 26. g5 b5 27. Qc2 bxc4 28. Bxc4
Rxb2 29. Rac1 Nxc4 30. Kf2 Rxc2+ 31. Rxc2 Ne3 32. Rfc1 Nxc2 33. Rxc2 Rb8 34. Kg3
Bxe4 35. Rf2 Rb2 36. Rxb2 Qxb2 37. fxe4 Qxa2 38. Nd5 a5 39. Kf3 Qb3+ 40. Kf4 a4
41. Ne3 a3 42. e5 dxe5+ 43. Ke4 a2 0-1

[Event "8 de março"]
[Site "http://www.queenalice.com/game.php?id=1833048"]
[Date "2024.3.9"]
[Round "-"]
[White "Richardlim"]
[Black "wj64"]
[Result "0-1"]
[WhiteElo "2081"]
[BlackElo "1592"]

1. c4 c5 2. Nc3 Nc6 3. g3 e6 4. Bg2 Qg5 5. Nf3 Qe7 6. O-O g6 7. d4 d6 8. Re1 h6
9. e4 Bg7 10. d5 Ne5 11. Nxe5 Bxe5 12. Nb1 g5 13. Bd2 Bxb2 14. Bc3 Bxa1 15. Bxa1
e5 16. Qa4+ Bd7 17. Qb3 Rb8 18. Qa3 a6 19. Nd2 Nf6 20. Rb1 Bc8 21. Nb3 b6 22.
Na5 Qd7 23. Qf3 Nh7 24. Nb3 g4 25. Qc3 O-O 26. Rf1 Qe7 27. f4 gxf3 28. Rxf3 Ng5
29. Rf4 f6 30. Rh4 Qg7 31. Qd3 Kf7 32. Qe2 Ke7 33. Bb2 Bd7 34. Nd2 a5 35. Nf1 a4
36. Qd3 Rh8 37. Ne3 Qg6 38. g4 Rh7 39. a3 h5 40. gxh5 Qg8 41. Kh1 Qf7 42. Qe2
Rbh8 43. Bc1 Rxh5 44. Rxh5 Rxh5 45. Nf1 Qh7 46. Bxg5 fxg5 47. Bf3 Rh6 48. Bg4
Be8 49. Ne3 Qxe4+ 50. Kg1 Qb1+ 51. Kg2 Bg6 52. Qd2 Be4+ 53. Bf3 Bd3 54. Be2 Bh7
55. Nf1 Qe4+ 56. Bf3 Qf5 57. Bd1 Qh3+ 58. Kg1 Kf6 59. Qf2+ Bf5 60. Ng3 Kg6 61.
Bxa4 Rh4 62. Be8+ Kf6 63. Bd7 Rf4 64. Bxf5 g4 65. Qg2 Rxc4 66. Qxh3 gxh3 67.
Bxh3 Ra4 68. Ne4+ Rxe4 69. Bd7 c4 70. Bb5 c3 71. Kf2 Rd4 72. h4 c2 73. h5 c1=Q
0-1

[Event "Challenge"]
[Site "http://www.queenalice.com/game.php?id=1833220"]
[Date "2024.3.11"]
[Round "-"]
[White "jogo"]
[Black "Richardlim"]
[Result "0-1"]
[WhiteElo "1917"]
[BlackElo "2106"]

1. e4 c5 2. Nf3 d6 3. d4 cxd4 4. Nxd4 Nf6 5. Bb5+ Bd7 6. Bxd7+ Nbxd7 7. f3 e5 8.
Ne2 Be7 9. Be3 O-O 10. c4 b6 11. Nbc3 Nc5 12. Bxc5 dxc5 13. Qxd8 Rfxd8 14. g4
Rd7 15. g5 Ne8 16. h4 a6 0-1

[Event "Challenge"]
[Site "http://www.queenalice.com/game.php?id=1834899"]
[Date "2024.4.10"]
[Round "-"]
[White "Richardlim"]
[Black "paloberto2"]
[Result "0-1"]
[WhiteElo "2101"]
[BlackElo "1986"]

1. e4 c5 2. Nf3 Nc6 3. d4 cxd4 4. Nxd4 Nf6 5. Nc3 e5 6. Ndb5 d6 7. Bg5 Be7 8.
Bd3 a6 9. Na3 O-O 10. O-O h6 11. Bh4 Nd4 12. Ne2 Qb6 13. b3 Be6 14. Bxf6 Bxf6
15. c3 Nxe2+ 16. Qxe2 Rac8 17. c4 Qc5 18. Nc2 Bg5 19. b4 Qc6 20. Na3 f5 21. b5
axb5 22. cxb5 Qc5 23. Nc2 fxe4 24. Bxe4 d5 25. Bg6 e4 26. Ne3 Rf6 27. Bh5 d4 28.
Ng4 Rf4 29. h3 Bc4 30. Qb2 Bxf1 31. Kxf1 d3 32. Ne3 Bf6 33. Qb3+ Kh8 34. Rd1
Qxh5 35. a4 Bd4 36. Kg1 Rc2 37. Rf1 Bxe3 38. Qb1 Bxf2+ 39. Kh2 Qe2 40. a5 Bb6
41. Qxc2 Qxc2 42. Rxf4 Bc7 43. Kg3 Bxf4+ 44. Kxf4 d2 45. a6 d1=Q 0-1

[Event "Challenge"]
[Site "http://www.queenalice.com/game.php?id=1834900"]
[Date "2024.4.10"]
[Round "-"]
[White "paloberto2"]
[Black "Richardlim"]
[Result "0-1"]
[WhiteElo "1976"]
[BlackElo "2141"]

1. d4 d5 2. c4 e6 3. Nc3 Nf6 4. Bg5 Be7 5. Nf3 Nbd7 6. e3 c6 7. Qc2 O-O 8. Be2
Bd6 9. c5 Be7 10. O-O b6 11. b4 b5 12. a4 bxa4 13. Rxa4 Bb7 14. Re1 a6 15. Bd3
Rb8 16. Qb3 Ra8 17. e4 dxe4 18. Nxe4 Qc7 19. Nxf6+ Nxf6 20. Ne5 Rfd8 21. Qb2 Nd5
22. Bxh7+ Kxh7 23. Nxf7 Bxg5 24. Nxg5+ Kg8 25. Rxe6 Re8 26. Qc2 Nf6 27. Qg6 Rxe6
28. Nxe6 Qe7 29. Qf5 Re8 30. Ra3 Qxe6 31. Qxe6+ Rxe6 32. Re3 Rxe3 33. fxe3 Nd5
34. Kf2 Nxb4 35. g4 a5 36. e4 a4 0-1

[Event "AUTO-MASTER-3218"]
[Site "http://www.queenalice.com/game.php?id=1838040"]
[Date "2024.6.5"]
[Round "1"]
[White "cerenzo72"]
[Black "Richardlim"]
[Result "1-0"]
[WhiteElo "2114"]
[BlackElo "2074"]

1. e4 c5 2. Nf3 d6 3. Bc4 Nc6 4. c3 Nf6 5. d3 a6 6. a4 Bg4 7. Bg5 Ne5 8. Nbd2 g6
9. Bxf6 exf6 10. O-O Bg7 11. d4 Nxc4 12. Nxc4 O-O 13. Qd3 Re8 14. Rfe1 Qc7 15.
h3 Bc8 16. b4 cxb4 17. cxb4 Rb8 18. Rac1 Qd8 19. Qa3 Bf8 20. a5 Bh6 21. Rcd1 g5
22. e5 g4 23. hxg4 Bxg4 24. Nxd6 Bxf3 25. Qxf3 Qe7 26. Nxe8 Qxe8 27. exf6 Qf8
28. Qh5 Rd8 29. Re4 Rd6 30. Rde1 Re6 31. Rxe6 fxe6 32. Rxe6 Qf7 33. Qxh6 1-0

[Event "AUTO-MASTER-3218"]
[Site "http://www.queenalice.com/game.php?id=1838041"]
[Date "2024.6.5"]
[Round "1"]
[White "Richardlim"]
[Black "cerenzo72"]
[Result "0-1"]
[WhiteElo "2071"]
[BlackElo "2154"]

1. Nf3 Nf6 2. g3 g6 3. Bg2 Bg7 4. O-O O-O 5. d3 c5 6. e4 d6 7. Nbd2 Nc6 8. c3
Rb8 9. Re1 Bg4 10. a3 e5 11. Nf1 b5 12. Bg5 Qd7 13. Qd2 Rfe8 14. Kh1 a5 15. Ng1
d5 16. h3 Be6 17. Bh6 dxe4 18. Bxg7 Kxg7 19. Red1 exd3 20. Qxd3 Qxd3 21. Rxd3
Ne7 22. Re3 Nd7 23. Nf3 f6 24. h4 Nd5 25. Ree1 N7b6 26. N3d2 Nd7 27. Red1 N7b6
28. Nh2 Na4 29. Rab1 Ndb6 30. Bc6 Bd7 31. Bxd7 Nxd7 32. Nhf1 Rbd8 33. Nb3 c4 34.
Nxa5 Ndc5 35. Rxd8 Rxd8 0-1

[Event "AUTO-MASTER-3218"]
[Site "http://www.queenalice.com/game.php?id=1838054"]
[Date "2024.6.5"]
[Round "1"]
[White "Capixabba789"]
[Black "Richardlim"]
[Result "0-1"]
[WhiteElo "1870"]
[BlackElo "2051"]

1. e4 c5 2. Nf3 d6 3. d4 cxd4 4. c3 dxc3 5. Bc4 e6 6. O-O cxb2 7. Bxb2 h6 8.
Nbd2 Nf6 9. Qb3 Be7 10. Rac1 O-O 11. Rfe1 Nc6 12. e5 dxe5 13. Ne4 Nd4 14. Nxd4
exd4 15. Rcd1 e5 16. Kh1 a6 17. Qd3 b5 18. Bb3 Bb7 19. Nxf6+ Bxf6 20. Bc2 g6 21.
Bc1 Qd5 22. f3 Kg7 23. Re4 Bc8 24. Bb3 Qd6 25. Qd2 Bg5 26. Qd3 Bf5 27. Qf1 Bxe4
28. fxe4 Bxc1 29. Rxc1 f6 30. Bd5 Rab8 31. Rc6 Qe7 32. Rxa6 Rfc8 33. h3 Rc7 34.
Re6 Qf8 0-1

[Event "AUTO-MASTER-3218"]
[Site "http://www.queenalice.com/game.php?id=1838055"]
[Date "2024.6.5"]
[Round "1"]
[White "Richardlim"]
[Black "Capixabba789"]
[Result "0-1"]
[WhiteElo "2076"]
[BlackElo "1891"]

1. Nf3 d6 2. e4 e5 3. d4 Nf6 4. Nc3 exd4 5. Nxd4 Be7 6. Be2 O-O 7. O-O Nbd7 8.
Be3 Ne5 9. h3 c5 10. Nf3 Bd7 11. Qc1 Bc6 12. Nxe5 dxe5 13. Rd1 Qc7 14. Bg5 Rfe8
15. Bf3 a5 16. a4 b6 17. Ne2 Nxe4 18. Be3 f5 19. Qb1 Bf6 20. c3 g5 21. Bxe4 Bxe4
22. Qa2+ Kg7 23. f3 Bb7 24. Qb1 f4 25. Bf2 Rad8 26. Qc2 h5 27. Kh2 h4 28. Rd2
Rxd2 29. Qxd2 Rd8 30. Qc2 Ba6 31. c4 Rd7 32. Rb1 Qd8 33. Be1 Rd3 34. b3 Bb7 35.
Nc3 Qd4 36. Rd1 Rxd1 37. Qxd1 Qxd1 38. Nxd1 e4 39. fxe4 Bxe4 40. Bc3 Bc2 41.
Bxf6+ Kxf6 42. Nc3 Bxb3 43. Nd5+ Ke5 44. Nxb6 Kd4 45. Kg1 Bxc4 46. Nxc4 Kxc4 47.
Kf2 Kd3 48. Kf3 c4 49. Kg4 c3 50. Kxg5 c2 51. Kxh4 c1=Q 52. Kg4 Ke4 53. h4 Qd1+
54. Kg5 Qxa4 55. h5 Qe8 56. h6 Qh8 57. Kg6 a4 58. h7 a3 59. g3 f3 60. g4 f2 61.
g5 f1=Q 62. Kh6 Kf5 0-1

[Event "AUTO-MASTER-3218"]
[Site "http://www.queenalice.com/game.php?id=1838062"]
[Date "2024.6.5"]
[Round "1"]
[White "pomar"]
[Black "Richardlim"]
[Result "0-1"]
[WhiteElo "1988"]
[BlackElo "2058"]

1. f3 Nf6 2. Kf2 e6 3. e3 Be7 4. Bc4 O-O 5. d4 d5 6. Bb3 c5 7. dxc5 Bxc5 8. Ne2
Nc6 9. Nbc3 a6 10. Na4 Ba7 11. c3 b5 12. Re1 bxa4 13. Bxa4 Bb7 14. Nd4 Nxd4 15.
exd4 Qc7 16. Kg1 Bb8 17. g3 Bc6 18. Bg5 Bxa4 19. Qxa4 Ne8 20. Qa3 Nd6 21. Qb3
Nf5 22. Bf4 Qa7 23. Bxb8 Raxb8 24. Qa3 Rb6 25. b4 Rfb8 26. Kg2 Nd6 27. Qc1 Nc4
28. a4 a5 29. b5 Qc7 30. Ra2 Qe7 31. Qf4 Qd6 32. Qg4 Qe7 33. f4 f5 34. Qf3 Rc8
35. Qxd5 exd5 36. Rxe7 Kf8 37. Rae2 Rd8 38. R2e5 Nxe5 39. Rxe5 g6 40. Kf3 Kf7
41. g4 fxg4+ 42. Kxg4 Re6 43. f5 Rxe5 44. dxe5 Rc8 45. Kg5 gxf5 46. Kxf5 Rxc3
47. e6+ Ke7 48. Ke5 Ra3 49. Kxd5 Rxa4 50. b6 Rb4 51. Kc5 Kxe6 52. Kc6 Rb1 53. b7
a4 54. Kc7 a3 55. b8=Q Rxb8 56. Kxb8 a2 0-1

[Event "AUTO-MASTER-3218"]
[Site "http://www.queenalice.com/game.php?id=1838063"]
[Date "2024.6.5"]
[Round "1"]
[White "Richardlim"]
[Black "pomar"]
[Result "1-0"]
[WhiteElo "2060"]
[BlackElo "1936"]

1. Nf3 e6 2. g3 d5 3. Bg2 c5 4. O-O Nc6 5. d3 Bd7 6. c3 Rc8 7. Nbd2 Nf6 8. Nb3
Be7 9. Bg5 O-O 10. Be3 Na5 11. Nxa5 Qxa5 12. Bg5 h6 13. Bd2 Bc6 14. h3 Bd6 15.
c4 Qb6 16. Qc1 dxc4 17. dxc4 Qc7 18. Bc3 Ne4 19. Be1 Nf6 20. Bc3 Nh5 21. Qe3
Nxg3 22. fxg3 Bxg3 23. Qxc5 Bxf3 24. Qxc7 Bxc7 25. Bxf3 b6 26. Kh1 Bd6 27. Rg1
g6 28. h4 Kh7 29. b3 b5 30. Bf6 bxc4 31. h5 c3 32. Rac1 c2 33. Be4 Rc5 34. hxg6+
fxg6 35. Bxg6+ Kg8 36. Bxc2+ Kf7 37. Bb2 Ke7 38. Rg7+ Rf7 39. Rxf7+ Kxf7 40.
Rf1+ Ke7 41. Bf6+ Kd7 42. Bd3 Rh5+ 43. Kg2 Rh2+ 44. Kf3 Rh3+ 45. Kg4 Rg3+ 46.
Kh5 Rh3+ 47. Kg6 h5 48. Kf7 e5 49. Bf5+ Kc7 50. Bxh3 1-0

[Event "Challenge"]
[Site "http://www.queenalice.com/game.php?id=1838484"]
[Date "2024.6.12"]
[Round "-"]
[White "jogo"]
[Black "Richardlim"]
[Result "0-1"]
[WhiteElo "1910"]
[BlackElo "2136"]

1. e4 c5 2. d4 cxd4 3. Qxd4 Nc6 4. Qe3 d6 5. Nc3 Nf6 6. h3 e5 7. Bd2 Nd4 8.
O-O-O Be7 9. g4 Be6 10. g5 Nh5 11. h4 g6 12. Kb1 a6 13. Bh3 Bd7 14. Nge2 Nb5 15.
Bxd7+ Qxd7 16. Nxb5 axb5 17. Nc3 b4 18. Nd5 Bd8 0-1

[Event "Challenge"]
[Site "http://www.queenalice.com/game.php?id=1838485"]
[Date "2024.6.12"]
[Round "-"]
[White "Richardlim"]
[Black "jogo"]
[Result "1-0"]
[WhiteElo "2130"]
[BlackElo "1917"]

1. c4 e5 2. Nc3 d6 3. g3 Nf6 4. d3 h6 5. Bg2 Be7 6. Nf3 O-O 7. O-O Re8 8. h3 c5
9. a3 Nc6 10. e4 g5 11. g4 Be6 12. Nh2 Kg7 13. Qd2 Nd4 14. Qd1 a6 15. Be3 1-0

[Event "Challenge"]
[Site "http://www.queenalice.com/game.php?id=1840328"]
[Date "2024.7.16"]
[Round "-"]
[White "Richardlim"]
[Black "fbenevides2019"]
[Result "1-0"]
[WhiteElo "2100"]
[BlackElo "1664"]

1. c4 d5 2. cxd5 Qxd5 3. Nc3 Qd7 4. d4 c6 5. Bf4 Nf6 6. Nf3 h6 7. e4 e6 8. Ne5
Qd8 9. Bc4 Bd6 10. O-O Bxe5 11. Bxe5 O-O 12. Ne2 Nxe4 13. Ng3 Nxg3 14. Bxg3 Nd7
15. Bb3 Nf6 16. Be5 b5 17. Bc2 g6 18. Qf3 Nd7 19. Bf4 Kh7 20. Qh3 h5 21. Qxh5+
Kg8 22. Qh6 Qf6 23. Rfe1 Qxd4 24. Rab1 Nf6 25. h3 Nd7 26. Re4 Qg7 27. Qh4 Qh7
28. Qg3 Nf6 29. Re2 a5 30. Be5 Qg7 31. Qf3 Bd7 32. Bxf6 Qh7 33. Re4 Rfe8 34. Rh4
1-0

[Event "Challenge"]
[Site "http://www.queenalice.com/game.php?id=1840329"]
[Date "2024.7.16"]
[Round "-"]
[White "fbenevides2019"]
[Black "Richardlim"]
[Result "0-1"]
[WhiteElo "1785"]
[BlackElo "2071"]

1. d4 Nf6 2. Nf3 g6 3. Nc3 d5 4. h3 Bg7 5. e3 O-O 6. Bd3 c6 7. O-O Nbd7 8. a4 b6
9. b3 Bb7 10. e4 dxe4 11. Bxe4 Qc7 12. Bg5 Rfe8 13. Bd3 e6 14. Bxf6 Nxf6 15. Re1
a6 16. Ne4 Nxe4 17. Bxe4 Rad8 18. c3 c5 19. Bxb7 Qxb7 20. Qd3 e5 21. Qc2 cxd4
22. cxd4 exd4 23. Rad1 Rxe1+ 24. Nxe1 Rd5 25. Qe4 Qd7 26. Nf3 h6 27. Qd3 a5 28.
Qa6 Rd6 29. Rd3 Qc7 30. Qb5 Rc6 31. g3 Qb7 32. Rd1 Rd6 33. Rd3 Kf8 34. Kg2 Ke7
35. Rd2 Kf8 36. Qd3 Qd5 37. h4 Kg8 38. Re2 Re6 39. Rxe6 fxe6 40. Kh2 e5 41. Qc4
Qxc4 42. bxc4 Kf7 43. Kg2 Ke6 44. Nd2 Kf5 45. Kf3 h5 46. Ne4 Bf8 47. Nd2 Bb4 48.
Nb1 e4+ 49. Ke2 Kg4 50. Nd2 Bxd2 51. Kxd2 Kf3 52. Ke1 e3 53. fxe3 dxe3 54. Kf1
Kxg3 55. Ke2 Kf4 0-1